00265nam a22001097a 4500008004100000020001800041041000800059080000800067100000700075101000800082245006500090181023b xxu||||| |||| 00| 0 eng d a9780195337808 aeng a371 a46 aEDU aWhat's Wrong? Applied Ethicists and their CriticscBoonin, D